films et erreurs (2) - Statistiques

Statistiques générales
  • Ce quiz a été pris 86 fois
  • Le résultat moyen est 28 sur 51
Statistiques - réponses
Hint Réponse % Correct
Blake Runner Blade Runner
94%
Caca d'oie mécanique Orange mécanique
91%
L'Agglomération de la Peur La cité de la Peur
90%
Le Bon, le Malotru et le truand Le Bon, la Brute et le truand
87%
Il pétait une fois dans l'ouest Il était une fois dans l'ouest
84%
La vie est un long ruisseau tranquille La vie est un long fleuve tranquille
84%
Tracteur Driver Taxi Driver
83%
Les Bonbons flingueurs Les Tontons flingueurs
81%
La Pelle et la Bête La belle et la Bête
78%
La Gare des Etoiles La Guerre des Etoiles
77%
La playmate des singes La planète des singes
77%
L'étrange Mardi Gras de Monsieur Jack L'étrange Noël de Monsieur Jack
74%
La Guerre des croutons La Guerre des boutons
73%
Qui veut la peau de Roger Turtle Qui veut la peau de Roger Rabbit
71%
Sueurs tièdes Sueurs froides
71%
The Enormous Lebowski The Big Lebowski
71%
La Soupe aux cafards La Soupe aux choux
70%
Un jour sans Bain Un jour sans Fin
70%
Les Bronzés font de la caisse à savon Les Bronzés font du ski
69%
Pulpe Fiction Pulp Fiction
69%
Les 12 Salopiauds Les 12 Salopards
68%
Mon prénom est Personne Mon nom est personne
65%
Canon le Barbare Conan le Barbare
64%
Le Rectangle des Poètes Disparus Le Cercle des Poètes Disparus
64%
Dans l'épiderme de John Malkovich Dans la peau de John Malkovich
61%
L'armée des 12 diplodocus L'armée des 12 singes
60%
Tueurs nez Tueurs nés
58%
Kill Donald Kill Bill
56%
Il était une fois en Papouasie-Nouvelle-Guinée Il était une fois en Amérique
53%
Les Ratiches de la mer Les Dents de la mer
53%
Citizen Benne Citizen Kane
52%
Pétoche sur la ville Peur sur la ville
52%
Tenue de matinée Tenue de soirée
51%
Tout sur mammaire Tout sur ma mère
51%
Caca Land La La Land
49%
Périple au bout de l'enfer Voyage au bout de l'enfer
49%
Ensemble, c'est mou Ensemble, c'est tout
45%
Mais qui a tué Pamela Rhododendron Mais qui a tué Pamela Rose
42%
Amityville : La Maison du diablotin Amityville : La Maison du diable
36%
Le Dernier Boogie-Woogie à Paris Le Dernier Tango à Paris
36%
Point Break extrême marmite Point Break extrême limite
34%
Un après-midi de chienne Un après-midi de chien
31%
Duluth Parano Las Végas parano
29%
L'Athée meurtrier L'Eté meurtrier
26%
La Petite Boutique des odeurs La Petite Boutique des horreurs
23%
Montcuq Café Bagdad Café
22%
Caroline du Sud Dream Arizona Dream
12%
Docteur Jerry et Mister Lave Docteur Jerry et Mister Love
12%
Les vécés étaient germés de l'intérieur Les vécés étaient fermés de l'intérieur
12%
Un flibustier dans la ville Un justicier dans la ville
4%
Les Bijoux de Famille Les Valseuses
0%
Aucun quiz correspondant
Distribution des résultats
% des personnes avec chaque résultat
Percentile par nombre de réponses
Votre historique - résultats
Vous n’avez pas pris ce quiz